000 00329 a2200133 4500
000 nam a22 7a 4500
100 _aJunichiro Kono
110 _aJunichiro Kono
245 _aQuantum Mechanics for Tomorrow's Engineers
250 _alatest edition
260 _bcambridge
_c2025
264 _bcambridge
_c2025
942 _cBK
999 _c397161
_d397161